Modèles de Renault - Statistiques

Statistiques générales
  • Ce quiz a été pris 649 fois
  • Le résultat moyen est 6 sur 15
Statistiques - réponses
Hint Réponse % Correct
. Clio
95%
. Mégane
86%
. Espace
63%
. Twingo
60%
. Scénic
59%
. Captur
49%
. Kangoo
44%
. Zoé
31%
. Arkana
30%
. Kadjar
30%
. Trafic
27%
. Master
21%
. Koleos
20%
. Australe
16%
. Twizy
12%
Aucun quiz correspondant
Distribution des résultats
% des personnes avec chaque résultat
Percentile par nombre de réponses
Votre historique - résultats
Vous n’avez pas pris ce quiz